[Event "It"]
[Site "Rishon le Zion ISR"]
[Date "2004.03.28"]
[Round "9"]
[White "Kaganskiy,G"]
[Black "Bykhovsky,An ISR"]
[Result "1-0"]
[WhiteElo "2376"]
[BlackElo "2236"]

1.e4 c5 2.Nf3 Nc6 3.Nc3 d6 4.d4 cxd4 5.Nxd4 Nf6 6.Bg5 e6 7.Qd2 Be7 8.O-O-O a6
9.Kb1 h6 10.Bxf6 gxf6 11.f4 Bd7 12.f5 Qb6 13.Nde2 O-O-O 14.Nf4 exf5 15.Nfd5 Qa7
16.Qf4 Rhe8 17.exf5 Bf8 18.Bc4 Re5 19.g4 b5 20.Bb3 Na5 21.Nxf6 Nxb3 22.Nxd7 Qxd7
23.axb3 Qc6 24.h4 Rde8 25.Rh3 Kb8 26.Rhd3 Rc5 27.Nd5 a5 28.Qd2 b4 29.f6 Re4
30.Ne7 Bxe7 31.fxe7 Rxe7 32.Rxd6 Qb7 33.Qxh6 Ka7 34.Qf6 Rec7 35.Qd4 Qg2 36.Rc1 Qb7
37.h5  1-0

[Event "30th ch-BAN"]
[Site "Dhaka BAN"]
[Date "2004.03.30"]
[Round "3"]
[White "Hasan,M"]
[Black "Chatterjee,D"]
[Result "1/2-1/2"]
[WhiteElo "2224"]
[BlackElo "2175"]

1.e4 c5 2.Nc3 Nc6 3.Nf3 e5 4.Bc4 Be7 5.d3 d6 6.h3 Be6 7.O-O h6 8.Nh2 g5 9.Nd5 Bxd5
10.exd5 Nb8 11.c3 Nd7 12.d4 Qc7 13.dxe5 dxe5 14.d6 Qxd6 15.Qb3 Ngf6 16.Bxf7+ Kf8
17.Bg6 Qd5 18.Qc2 Rd8 19.Re1 Kg7 20.Nf1 Rhf8 21.Ne3 Qe6 22.Nf5+ Kh8 23.Nxh6 Nd5
24.Ng4 Nf4 25.Bxf4 gxf4 26.Be4 Nf6 27.Nxf6 Rxf6 28.Qe2 b6 29.Rad1 Bd6 30.Qf3 Rh6
31.b3 Qf6 32.Rd2 Qg7 33.Red1 Qe7 34.Rd3 Qf6 35.R1d2 Qe7 36.Qg4 Rg8 37.Qf5 Rf8
38.Qg4 Rg8 39.Qf3 Rd8 40.c4 Qg5 41.Rd5 Qe7 42.Kh2 Qg5 43.Kh1 Qe7 44.a3 a5
45.Bc2 Qg5 46.Qe4 Qf6 47.Rd1 f3 48.Qxf3 Qxf3 49.gxf3 Rxh3+ 50.Kg2 Rh6 51.Kf1 Rh1+
52.Ke2 Rxd1 53.Bxd1 Bc7 54.Rxd8+ Bxd8 55.Kd3 Kg7 56.Ke4 Kf6 57.Kd5 Ke7 58.Kc6 Ke6
59.Bc2 Ke7 60.Bf5 Ke8 61.Kd6 Bh4 62.Kc6 Bd8 63.Kd6 Bh4 64.Kxe5 Bxf2 65.Kd6 Bd4
66.Kc6 Bb2 67.a4 Bc3 68.Kxb6 Bb4 69.Kc6 Ke7 70.Kd5 Kf6 71.Bc2 Ba3 72.f4 Bb4
73.Kc6 Ba3 74.Be4 Bb4  1/2-1/2

[Event "It"]
[Site "Pinamar ARG"]
[Date "2004.03.30"]
[Round "7"]
[White "Rodi,L"]
[Black "Ricardi,P"]
[Result "0-1"]
[WhiteElo "2243"]
[BlackElo "2540"]

1.e4 c5 2.Nc3 Nc6 3.Bb5 g6 4.Bxc6 bxc6 5.d3 Bg7 6.Be3 Rb8 7.Qc1 d5 8.Bf4 e5
9.Bd2 c4 10.dxc4 d4 11.Nce2 f5 12.Ng3 Nf6 13.exf5 gxf5 14.Bh6 Qa5+ 15.b4 Qxb4+
16.Kd1 Rg8 17.Bxg7 Rxg7 18.Nh5 Nxh5 19.Qh6 Qxc4 20.Qxh5+ Kf8 21.Qh4 Ba6 22.Nf3 Kg8
23.Nd2 Qe2+ 24.Kc1 Rxg2 25.Qf6 Rf8 26.Qe6+ Kg7 27.Rb1 Rf6 28.Qe7+ Rf7 29.Qe8 Qxf2
30.Qxe5+ Kg6 31.Qe6+ Rf6 32.Qe8+ Kh6 33.Rd1 Qe3 34.Qd8 Rfg6 35.Rb3 d3 36.Qf8+ Kg5
37.cxd3 f4 38.d4 Bd3 39.Rc3 Rxd2 40.Rc5+ Kg4 41.Rxd2 Kf3 42.Rc2 Rg1+ 43.Kb2 Bxc2
44.Kxc2 Qe4+ 45.Kc3 Rc1+ 46.Kb4 Qb1+  0-1

[Event "TCh-FRA Nat1 GpB"]
[Site "Montpellier FRA"]
[Date "2004.04.01"]
[Round "4"]
[White "Gharamian,T"]
[Black "Hamdouchi,H"]
[Result "0-1"]
[WhiteElo "2332"]
[BlackElo "2588"]

1.e4 c5 2.Nc3 Nc6 3.Bb5 Nd4 4.Bc4 a6 5.Nf3 e6 6.d3 Nf6 7.O-O b5 8.Bb3 Nxb3
9.axb3 b4 10.Nb1 d6 11.e5 dxe5 12.Nxe5 Bb7 13.Nc4 Be7 14.Nbd2 O-O 15.Qe2 Qc7
16.Ne4 Rad8 17.Re1 Nd5 18.Na5 Bc8 19.Bg5 f6 20.Bh4 Nf4 21.Qf3 e5 22.Nd2 Ne6
23.Qc6 Qb8 24.Nf3 Rd6 25.Qe4 Bd8 26.Nc4 Bb7 27.Qe3 Rd5 28.Bg3 Bc7 29.Qc1 Kh8
30.h3 Rd7 31.Nfd2 Qd8 32.f3 g5 33.Ne4 Rg7 34.Bf2 Qe7 35.Ng3 Qd7 36.Ne4 f5
37.Nxc5 Nxc5 38.Bxc5 Re8 39.Bxb4 g4 40.fxg4 fxg4 41.h4 g3 42.Bc3 Qc6 43.Re4 Qf6
44.Qf1 Qxf1+ 45.Rxf1 Bxe4 46.dxe4 Rg4 47.Rf7 Bb8 48.Nb6 Rd8 49.Nd5 Rxe4  0-1

[Event "2nd Western Pacific Open"]
[Site "Burbank USA"]
[Date "2004.04.03"]
[Round "2"]
[White "Matikozian,A"]
[Black "Small,G"]
[Result "1-0"]
[WhiteElo "2466"]
[BlackElo "2295"]

1.e4 c5 2.Nf3 Nc6 3.Nc3 g6 4.Bc4 Bg7 5.O-O d6 6.Re1 Nf6 7.d4 cxd4 8.Nxd4 O-O
9.Bg5 Qb6 10.Nxc6 bxc6 11.Bb3 a5 12.Qd2 Re8 13.Rad1 Ba6 14.Qf4 Qb4 15.a3 Qb8
16.h3 Bc8 17.e5 dxe5 18.Rxe5 Bf5 19.Re2 Qxf4 20.Bxf4 Nh5 21.Be5 Bxe5 22.Rxe5 Ng7
23.Ba4 Ra6 24.g4 Bc8 25.Ne4 Ne6 26.Nc5 Nxc5 27.Rxc5 Be6 28.b3 Rc8 29.f4 f5
30.g5 Kf7 31.c4 Rc7 32.Kf2 Rd7 33.Rxd7 Bxd7 34.Ke3 e6 35.Kd4 Ke7 36.Re5 Kd6
37.c5+ Ke7 38.Re3 Ra7 39.Ke5 Bc8 40.Rd3 Bd7 41.Rd6 Rc7 42.b4 axb4 43.axb4 Rb7
44.Bxc6 Bxc6 45.Rxc6 Rxb4 46.Rc7+ Kd8 47.Rxh7 Re4+ 48.Kd6 Kc8 49.Rh8+ Kb7
50.c6+  1-0

[Event "2nd Western Pacific Open"]
[Site "Burbank USA"]
[Date "2004.04.04"]
[Round "5"]
[White "Small,G"]
[Black "Stisis,Y"]
[Result "0-1"]
[WhiteElo "2295"]
[BlackElo "2391"]

1.e4 c5 2.Nc3 Nc6 3.Nge2 g6 4.d4 cxd4 5.Nxd4 Bg7 6.Nde2 Nf6 7.g3 b6 8.Bg2 Ba6
9.O-O Rc8 10.Re1 O-O 11.h3 d6 12.Be3 Nd7 13.Nd4 Nce5 14.Nd5 Nc4 15.Bc1 e6
16.Nb4 Bb7 17.c3 a5 18.Nbc2 Nc5 19.b3 Ne5 20.Re3 d5 21.exd5 Bxd5 22.Bb2 Bxg2
23.Kxg2 Qd5+ 24.Kg1 Rfd8 25.Qe2 Ned3 26.c4 Qd7 27.Bc3 e5 28.Nb5 Qxh3 29.Rd1 e4
30.Bxg7 Kxg7 31.Nc3 Ne5 32.Rxd8 Rxd8 33.Ne1 Ng4 34.Qb2 Qh2+ 35.Kf1 Nxe3+  0-1

[Event "TCh-CZE Extraliga 2003-4"]
[Site "Czech Rep CZE"]
[Date "2004.04.04"]
[Round "11"]
[White "Kulhanek,T"]
[Black "Markos,J"]
[Result "1/2-1/2"]
[WhiteElo "2362"]
[BlackElo "2459"]

1.e4 c5 2.Nc3 Nc6 3.Bb5 d6 4.Bxc6+ bxc6 5.d3 g6 6.f4 Bg7 7.Nf3 Rb8 8.O-O Nf6
9.Qe1 Nd7 10.Qh4 e6 11.Qxd8+ Kxd8 12.e5 d5 13.Na4 Ba6 14.b3 Bb5 15.Nb2 c4
16.dxc4 dxc4 17.Nxc4 Bxc4 18.bxc4 Bf8 19.Rd1 Bc5+ 20.Kf1 h6 21.Rd3 Kc7 22.Nd2 g5
23.Ne4 Be7 24.Be3 gxf4 25.Bxf4 Rb4 26.Rad1 Nb6 27.Nd6 Bxd6 28.exd6+ Kd7 29.Be5 f6
30.Bd4 Nxc4 31.Rg3 Rh7 32.Bxf6 Rf7 33.Kg1 Rxf6 34.Rg7+ Kd8 35.Rg8+ Kd7  1/2-1/2

[Event "TCh-FRA Nat1 GpB"]
[Site "Montpellier FRA"]
[Date "2004.04.04"]
[Round "7"]
[White "Leconte,M"]
[Black "Klipper,R"]
[Result "1-0"]
[WhiteElo "2271"]
[BlackElo "2067"]

1.e4 c5 2.Nc3 Nc6 3.Bb5 Nd4 4.Bc4 e6 5.Nf3 Nc6 6.d4 cxd4 7.Nxd4 Bb4 8.O-O Nf6
9.Ndb5 O-O 10.a3 Be7 11.Bf4 a6 12.Bc7 Qe8 13.Nd6 Bxd6 14.Bxd6 b5 15.Ba2 Bb7
16.e5  1-0

[Event "TCh-FRA Nat1 GpB"]
[Site "Montpellier FRA"]
[Date "2004.04.04"]
[Round "7"]
[White "Feller,S"]
[Black "Levacic,D"]
[Result "0-1"]
[WhiteElo "2102"]
[BlackElo "2288"]

1.e4 c5 2.Nc3 Nc6 3.Bb5 g6 4.Bxc6 dxc6 5.d3 Bg7 6.Be3 b6 7.f4 Nh6 8.Nge2 f5
9.O-O Ng4 10.Bd2 Bd4+ 11.Kh1 Nf2+ 12.Rxf2 Bxf2 13.e5 Be6 14.Qf1 Bd4 15.Nd1 c4
16.c3 Bc5 17.d4 b5 18.dxc5 Qxd2 19.Nd4 Bd5 20.Kg1 O-O 21.Qf2 Qxf2+ 22.Kxf2 Rfd8
23.a3 Kf7 24.Ne3 Be4 25.g3 a6 26.h3 h6 27.Re1 Ra7 28.Rg1 e6 29.Ke2 Bd3+ 30.Kd2 Be4
31.Ke2 a5 32.Ra1 Rad7 33.a4 Bd3+ 34.Ke1 Rxd4 35.cxd4 b4 36.Rd1 Rxd4 37.Kf2 Ke7
38.Kf3 g5 39.h4 gxf4 40.gxf4 Rd8 41.Rc1 c3 42.bxc3 b3 43.Nd1 Be4+  0-1

[Event "Open ch-NOR"]
[Site "Oslo NOR"]
[Date "2004.04.04"]
[Round "2"]
[White "Howell,D"]
[Black "Johansson,V"]
[Result "0-1"]
[WhiteElo "2332"]
[BlackElo "2139"]

1.e4 c5 2.Nc3 Nc6 3.Bb5 Nd4 4.Nf3 Nxb5 5.Nxb5 g6 6.d4 Bg7 7.Be3 Nf6 8.Qd3 a6
9.Nc3 cxd4 10.Bxd4 O-O 11.e5 Nh5 12.Nd5 d6 13.Bb6 Qd7 14.O-O-O dxe5 15.Qa3 Qb5
16.Bc5 Bg4 17.Nc7 Qc6 18.Nxa8 Rxa8 19.Be3 Rc8 20.Rd2 Bf5 21.c3 Qe4 22.Kd1 Qb1+
23.Ke2 Qxh1 24.Qxe7 Bf6 25.Qd6 Qxg2 26.Nxe5 Bxe5 27.Qxe5 Bg4+ 28.Kd3 Qf1+
29.Kc2 Bf5+ 30.Kb3 b5 31.Ka3 a5 32.Rd5 b4+ 33.cxb4 axb4+ 34.Kxb4 Qc4+ 35.Ka3 Be6
36.Ra5  0-1

[Event "Open ch-NOR"]
[Site "Oslo NOR"]
[Date "2004.04.06"]
[Round "4"]
[White "Bae,T"]
[Black "Eckhardt,L"]
[Result "1-0"]
[WhiteElo "2303"]
[BlackElo "2122"]

1.e4 c5 2.Nf3 Nc6 3.Nc3 Nf6 4.Bb5 Nd4 5.e5 Nxb5 6.Nxb5 Nd5 7.Ng5 f6 8.exf6 Nxf6
9.O-O a6 10.Nc3 e6 11.d4 cxd4 12.Qxd4 Be7 13.Bf4 Nh5 14.Be3 Bxg5 15.Qg4 Bxe3
16.Qxh5+ g6 17.Qe5 Bd4 18.Qxd4 O-O 19.Rad1 d5 20.f4 Qa5 21.f5 exf5 22.Nxd5 Be6
23.Nf6+ Rxf6 24.Qxf6 Bd5 25.Qe5 Qc5+ 26.Rd4 Rd8 27.c4  1-0

[Event "Open ch-NOR"]
[Site "Oslo NOR"]
[Date "2004.04.08"]
[Round "6"]
[White "Solberg,J"]
[Black "Vea,O"]
[Result "0-1"]
[WhiteElo "2174"]
[BlackElo "2031"]

1.Nc3 c5 2.e4 Nc6 3.Nf3 g6 4.d4 cxd4 5.Nxd4 Bg7 6.Be3 e6 7.Ndb5 Nge7 8.Nd6+ Kf8
9.f4 Qa5 10.Qd2 a6 11.Nc4 Bxc3 12.bxc3 Qh5 13.Be2 Qh4+ 14.g3 Qh3 15.Bf1 Qh5
16.Nd6 f5 17.Be2 Qh3 18.Bf3 fxe4 19.Bxe4 Nf5 20.Nxf5 gxf5 21.Qd6+ Kf7 22.Bf3 Qh6
23.O-O-O Qf8 24.Qxf8+ Rxf8 25.Bc5 Rg8 26.Bd6 b5 27.Rhg1 Bb7 28.g4 Na5 29.Bxb7 Nxb7
30.Bb4 d6 31.gxf5 exf5 32.Rxg8 Rxg8 33.Bxd6 Rd8 34.Be5 Rxd1+ 35.Kxd1 Ke6
36.Kd2 Na5 37.Kd3 Nc4 38.Bc7 Kd5 39.Bb8 Nb2+ 40.Ke3 Nd1+ 41.Kd3 Nf2+ 42.Ke2 Ne4
43.Kd3 Nc5+ 44.Ke3 Kc4 45.Be5 Ne4 46.a3 Nxc3 47.h4 h5 48.Bd6 Nd5+ 49.Kd2 Kd4
50.c3+ Ke4  0-1

[Event "30th ch-BAN"]
[Site "Dhaka BAN"]
[Date "2004.04.09"]
[Round "12"]
[White "Reefat,S"]
[Black "Chatterjee,D"]
[Result "1-0"]
[WhiteElo "2459"]
[BlackElo "2175"]

1.e4 c5 2.Nc3 Nc6 3.Bb5 e5 4.Nge2 Nf6 5.O-O Be7 6.f4 exf4 7.Nxf4 O-O 8.d3 d6
9.Bc4 Rb8 10.a4 a6 11.h3 Ne5 12.Ba2 b5 13.axb5 axb5 14.Be3 b4 15.Ncd5 Nxd5
16.Bxd5 Ng6 17.Nxg6 hxg6 18.Qf3 Bf6 19.Qg3 Qe7 20.Bf4 Rb6 21.Ra8 Be6 22.Rxf8+ Kxf8
23.Bxe6 Qxe6 24.Ra1 Kg8 25.Ra8+ Kh7 26.Bg5 Bxg5 27.Qxg5 Qf6 28.Qg4 d5 29.e5 Qe7
30.Qc8 g5 31.Qh8+ Kg6 32.Re8  1-0

[Event "ch-HUN U20"]
[Site "Budapest HUN"]
[Date "2004.04.10"]
[Round "6"]
[White "Tamas,M"]
[Black "Radnai,A"]
[Result "1/2-1/2"]
[WhiteElo "1959"]
[BlackElo "2175"]

1.e4 c5 2.Nc3 Nc6 3.Nge2 Nf6 4.g3 e5 5.Bg2 Be7 6.d3 Rb8 7.a4 a6 8.Bg5 b5
9.axb5 axb5 10.Bxf6 Bxf6 11.Nd5 d6 12.Nec3 O-O 13.O-O b4 14.Nxf6+ Qxf6 15.Nd5 Qd8
16.f4 f6 17.f5 Bb7 18.c3 bxc3 19.bxc3 Na5 20.Ne3 Bc6 21.Qc2 Kh8 22.Rfb1 Qc7
23.Bf3 Rxb1+  1/2-1/2

[Event "42nd Doeberl Cup"]
[Site "Canberra AUS"]
[Date "2004.04.10"]
[Round "3"]
[White "Johansen,D"]
[Black "Bjelobrk,I"]
[Result "1/2-1/2"]
[WhiteElo "2489"]
[BlackElo "2362"]

1.e4 c5 2.Nc3 Nc6 3.Bb5 Nd4 4.Bc4 d6 5.d3 Nf6 6.Nge2 a6 7.Bg5 e6 8.Nxd4 cxd4
9.Ne2 Qb6 10.Bxf6 gxf6 11.O-O Bd7 12.Bb3 Rg8 13.c3 dxc3 14.bxc3 Rc8 15.Kh1 Rc5
16.f4 Qa5 17.Qe1 Bc6 18.Rc1 Rh5 19.Ng3 Rh4 20.Nf5 Rhg4 21.Ne3 R4g7 22.f5 e5
23.Bd5 Be7 24.Rf2 Bd8 25.Rb2 Qc5 26.Rcb1 Ba5 27.Bxc6+ bxc6 28.Nc4 Bc7 29.Qe3 Qxe3
30.Nxe3 Kd7 31.Rb7 Ra8 32.c4 Rgg8 33.c5 dxc5 34.Kg1 Kc8 35.Kf1 Rd8 36.Ke2 Rd4
37.Nc4 Rd8 38.R7b3 Rd4 39.Rf1 Kd7 40.Rf3 Rg8 41.Kf2 h5 42.Rh3 Rg5 43.Rb7 Kc8
44.Rb3 Kd7 45.Ra3 a5 46.Rb3 Kc8 47.Rb1 Kd7 48.Re1 Ke7 49.Ree3 Rd8 50.Re2 Rd4
51.Rb2 Kd7 52.Rb3 Kc8 53.Rg3 Kd7 54.h4 Rxg3 55.Kxg3 Kc8 56.Kf3 Rd8 57.g4 hxg4+
58.Kxg4 Rg8+ 59.Kh3 Rg1 60.Rb2 Rd1 61.Rd2 Rh1+ 62.Rh2 Rd1 63.Nb2 Rg1 64.Nc4 Rd1
65.Rd2 Rh1+ 66.Kg4 Rg1+ 67.Kh5 Rg3 68.Kh6 Kd7 69.h5 a4 70.a3 Bd6 71.Nxd6 Kxd6
72.Kh7 Ke7 73.h6 Kf8 74.Rd1 Ke7 75.Kh8 Kf8 76.h7 Ke7 77.Rd2 Kf8 78.Rd1 Ke7
79.Rd2 Kf8 80.Rd1 Ke7 81.Rb1 Rxd3 82.Rg1 Kf8 83.Rg8+ Ke7 84.Rg4 Kf8  1/2-1/2

[Event "42nd Doeberl Cup"]
[Site "Canberra AUS"]
[Date "2004.04.10"]
[Round "4"]
[White "Lane,G"]
[Black "Wei,M"]
[Result "1-0"]
[WhiteElo "2449"]
[BlackElo "2111"]

1.e4 c5 2.Nc3 Nc6 3.Nf3 e5 4.Bc4 Be7 5.d3 d6 6.O-O Nf6 7.Ng5 O-O 8.f4 h6
9.Nf3 exf4 10.Bxf4 Be6 11.Nd5 Ng4 12.Qe1 Bxd5 13.Bxd5 Nf6 14.Bb3 Kh8 15.c3 Qd7
16.Qd2 d5 17.e5 Nh7 18.d4 cxd4 19.cxd4 Nd8 20.Bc2 Ne6 21.Qd3 g6 22.Bxh6 Rg8
23.Rae1 Rae8 24.Rf2 Nhg5 25.Nxg5 Bxg5 26.Qh3  1-0

[Event "6th Foxwoods Open"]
[Site "Connecticut USA"]
[Date "2004.04.11"]
[Round "8"]
[White "Friedel,J"]
[Black "Stolerman,J"]
[Result "1-0"]
[WhiteElo "2398"]
[BlackElo "2258"]

1.e4 c5 2.Nf3 Nc6 3.Nc3 e5 4.Bc4 d6 5.d3 Be7 6.O-O Bg4 7.h3 Bh5 8.Nd5 Nf6
9.Ne3 Bg6 10.Nh4 O-O 11.Nhf5 Na5 12.Qf3 Nxc4 13.dxc4 Re8 14.g4 Qd7 15.g5 Nh5
16.Nd5 Bf8 17.h4 Nf4 18.Bxf4 exf4 19.Qxf4 Bxf5 20.exf5 Re5 21.Rfe1 Qxf5 22.Qxf5 Rxf5
23.f4 f6 24.gxf6 Rh5 25.Re6 Rxh4 26.Rae1 gxf6 27.Nxf6+ Kf7 28.Nd5 Rb8 29.b3 a6
30.a4 b5 31.axb5 axb5 32.cxb5 Rh5 33.c4 Rxd5 34.cxd5 Rxb5 35.Ra1 Rxb3 36.Ra7+ Kg8
37.Kg2 Rb8 38.f5 Rc8 39.f6 c4 40.Re8  1-0

[Event "10th WDB Easter Open"]
[Site "Essen GER"]
[Date "2004.04.11"]
[Round "8"]
[White "Thiel,T"]
[Black "Rahman,Tai"]
[Result "1-0"]
[WhiteElo "2306"]
[BlackElo "2261"]

1.e4 c5 2.Nc3 Nc6 3.Bb5 g6 4.Bxc6 dxc6 5.d3 Nf6 6.Be3 b6 7.h3 Bg7 8.Qd2 O-O
9.Bh6 e5 10.Nge2 b5 11.Nd1 c4 12.Bxg7 Kxg7 13.Ne3 cxd3 14.cxd3 Qd6 15.Ng3 a5
16.O-O h6 17.f4 exf4 18.Rxf4 Be6 19.Raf1 Nd7 20.d4 Kg8 21.e5 Qe7 22.Ne4 Rad8
23.Qf2 Bc4 24.Rc1 c5 25.Nf6+ Nxf6 26.exf6 Qe6 27.Nxc4 bxc4 28.dxc5 c3 29.Rxc3 Qxa2
30.c6 Qe6 31.c7 Rd1+ 32.Kh2 Rc8 33.Qg3 Qb6 34.Qf2 Qd6 35.Qg3 Rxc7 36.Re3 Rcc1
37.Qxg6+ fxg6 38.f7+  1-0

[Event "Open ch-NOR"]
[Site "Oslo NOR"]
[Date "2004.04.11"]
[Round "9"]
[White "Vea,O"]
[Black "Hunt,A"]
[Result "0-1"]
[WhiteElo "2031"]
[BlackElo "2411"]

1.e4 c5 2.Nc3 Nc6 3.Nf3 e5 4.Bc4 Be7 5.d3 Nf6 6.Nd2 O-O 7.Nf1 d6 8.Ne3 Be6
9.Ncd5 Rb8 10.a4 a6 11.c3 Re8 12.Qf3 b5 13.axb5 axb5 14.Bb3 Na5 15.Bc2 c4
16.dxc4 bxc4 17.O-O Nxd5 18.exd5 Bd7 19.Bf5 Rb5 20.Qg4 Bxf5 21.Nxf5 Bf6 22.Rd1 g6
23.h4 h5 24.Nh6+ Kg7 25.Qe2 Qd7 26.g4 hxg4 27.Bg5 Rh8 28.Qxg4 Qxg4+ 29.Nxg4 Bxg5
30.hxg5 Rh5 31.Ne3 Rxg5+ 32.Kf1 f5 33.Ra4 f4 34.Rxa5 Rxa5 35.Nxc4 Ra6 36.b4 f3
37.b5 Rh5 38.Kg1 Ra4 39.Ne3 Rah4  0-1

[Event "ACP Blitz Prelim3"]
[Site "playchess.com INT"]
[Date "2004.04.14"]
[Round "5"]
[White "Petrosian,TL"]
[Black "Atarov,E"]
[Result "1-0"]
[WhiteElo "2539"]
[BlackElo "2138"]

1.e4 c5 2.Nc3 Nc6 3.Bb5 g6 4.Bxc6 dxc6 5.d3 Bg7 6.f4 Nf6 7.Nf3 O-O 8.O-O Bg4
9.Qe1 Nd7 10.Nd2 Nb6 11.f5 gxf5 12.h3 Bh5 13.exf5 f6 14.Nde4 Nd7 15.Qh4 Bf7
16.Bf4 Kh8 17.Rae1 c4 18.dxc4 Bxc4 19.Rf3 Qa5 20.Ng3 Qc5+ 21.Kh2 Ne5 22.Bxe5 fxe5
23.Nce4 Qa5 24.Rd1 Bf6 25.Nxf6 exf6 26.Qxc4  1-0

[Event "ACP Blitz Prelim3"]
[Site "playchess.com INT"]
[Date "2004.04.14"]
[Round "10"]
[White "Petrosian,TL"]
[Black "Lautier,J"]
[Result "0-1"]
[WhiteElo "2539"]
[BlackElo "2680"]

1.e4 c5 2.Nc3 Nc6 3.Bb5 Nd4 4.Ba4 e6 5.Nge2 Ne7 6.O-O a6 7.Nxd4 cxd4 8.Ne2 b5
9.Bb3 Nc6 10.d3 Bc5 11.f4 Bb7 12.f5 Qh4 13.Nf4 g6 14.g3 Qd8 15.fxe6 fxe6
16.a4 b4 17.Qg4 Ne5 18.Qh3 Qe7 19.Ne2 h5 20.Bf4 Ng4 21.Qg2 g5 22.Bd2 O-O-O
23.h3 Ne3 24.Bxe3 dxe3 25.d4 Ba7 26.c3 Kb8 27.Bc2 Rc8 28.Bd3 Qd6  0-1

[Event "It"]
[Site "Indjija SCG"]
[Date "2004.04.19"]
[Round "10"]
[White "Illijin,N"]
[Black "Gralka,J"]
[Result "1/2-1/2"]
[WhiteElo "2276"]
[BlackElo "2289"]

1.e4 c5 2.Nc3 Nc6 3.Nf3 e5 4.Bb5 d6 5.d3 Be7 6.O-O Nf6 7.Bg5 O-O 8.h3 Be6
9.Bxc6 bxc6 10.Ne2 h6 11.Bxf6 Bxf6 12.Qd2 Bg5 13.Nxg5 Qxg5 14.Qxg5 hxg5  1/2-1/2

[Event "2nd Nabokov Mem"]
[Site "Kiev UKR"]
[Date "2004.04.19"]
[Round "9"]
[White "Pavlov,S2"]
[Black "Matorin,E"]
[Result "1-0"]
[WhiteElo "2338"]
[BlackElo "2307"]

1.e4 c5 2.Nf3 Nc6 3.Nc3 g6 4.d4 cxd4 5.Nxd4 Bg7 6.Be3 Nf6 7.Bc4 O-O 8.Bb3 Ng4
9.Qxg4 Nxd4 10.Qd1 Nxb3 11.axb3 a6 12.Bd4 d6 13.f3 Be6 14.h4 Qc7 15.h5 Rac8
16.Bxg7 Kxg7 17.Qd2 Rh8 18.O-O-O f6 19.Kb1 b5 20.Nd5 Bxd5 21.exd5 a5 22.Rde1 Kf7
23.Re6 a4 24.b4 Qc4 25.Rhe1 Rhe8 26.R1e4 Qc7 27.Re2 g5 28.Qd3 Kg8 29.Qf5 Qc4
30.Rxe7 Rxe7 31.Rxe7 Qf1+ 32.Ka2 Qc4+ 33.Ka3 Qxc2 34.Qe6+  1-0

[Event "6th Open"]
[Site "Dubai UAE"]
[Date "2004.04.20"]
[Round "2"]
[White "Mariano,N"]
[Black "Korobov,A"]
[Result "1-0"]
[WhiteElo "2416"]
[BlackElo "2571"]

1.e4 c5 2.Ne2 Nc6 3.Nbc3 e6 4.g3 d5 5.exd5 exd5 6.Bg2 d4 7.Nd5 Nf6 8.Nef4 Nxd5
9.Nxd5 Bd6 10.O-O d3 11.b4 O-O 12.bxc5 Bxc5 13.Bb2 Qg5 14.cxd3 Bd7 15.h4 Qh6
16.Rc1 b6 17.d4 Bd6 18.Nxb6 axb6 19.Bxc6 Rxa2 20.Qb3 Ra7 21.Qxb6 Bb8 22.d5 Bg4
23.Rfe1 Ra2 24.Bc3 Ba7 25.Qb4  1-0

[Event "6th Open"]
[Site "Dubai UAE"]
[Date "2004.04.21"]
[Round "3"]
[White "Novita,A"]
[Black "Sveshnikov,E"]
[Result "1-0"]
[WhiteElo "2306"]
[BlackElo "2535"]

1.e4 c5 2.Nf3 Nc6 3.Nc3 e5 4.g3 d6 5.Bg2 g6 6.O-O Bg7 7.d3 Nge7 8.Be3 h6
9.Qd2 Be6 10.Ne2 b6 11.c3 d5 12.exd5 Bxd5 13.Rfd1 g5 14.d4 e4 15.Ne5 Nxe5
16.dxe5 Qc7 17.c4 Bc6 18.Nc3 Bxe5 19.Nxe4 O-O 20.f4 Rad8 21.Qf2 gxf4 22.gxf4 Bg7
23.f5 Qe5 24.Ng3 Bxg2 25.Kxg2 Qxb2 26.Qxb2 Bxb2 27.Rab1 Be5 28.Bxh6 Rfe8
29.Rf1 f6 30.Rbe1 Nc6 31.Bf4 Kf7 32.h4 Rg8 33.Re4 Bxf4 34.Rfxf4 Ne5 35.Re3 Rd2+
36.Kh3 Rxa2 37.h5 Rd8 38.h6 Rdd2 39.Nf1 Rd8 40.Rg3 Rh8 41.Rh4 Rh7 42.Ne3 Ra3
43.Nd5 Rf3 44.Rxf3 Nxf3 45.Rh5 Ne5 46.Rh4 Nd7 47.Kg4 Kg8 48.Rh5 Rf7  1-0

[Event "7th St Quentin Open"]
[Site "Elancourt FRA"]
[Date "2004.04.22"]
[Round "6"]
[White "Imbert,C"]
[Black "Zozulia,A"]
[Result "0-1"]
[WhiteElo "2100"]
[BlackElo "2297"]

1.e4 c5 2.Nf3 Nc6 3.Nc3 e5 4.Bc4 Be7 5.d3 Nf6 6.g4 d6 7.g5 Nd7 8.Nh4 Nb6
9.Nd5 Nxc4 10.dxc4 Bxg5 11.Nf5 Bxf5 12.exf5 Bf6 13.Rg1 Qd7 14.a3 Ne7 15.Rg3 Nxf5
16.Rf3 Bd8 17.c3 O-O 18.Be3 Nh4 19.Rg3 f5 20.f4 Ng6 21.Rh3 exf4 22.Bxf4 Nxf4
23.Nxf4 Bg5 24.Nd5 Rae8+ 25.Kf2 f4 26.Qf3 Re3 27.Qg2 Qxh3 28.Nxe3 fxe3+  0-1

[Event "6th Open"]
[Site "Dubai UAE"]
[Date "2004.04.23"]
[Round "5"]
[White "Shanava,K"]
[Black "Izoria,Z"]
[Result "1/2-1/2"]
[WhiteElo "2428"]
[BlackElo "2573"]

1.e4 c5 2.Nf3 Nc6 3.Nc3 d6 4.d4 cxd4 5.Nxd4 Nf6 6.Bc4 e6 7.Be3 a6 8.Bb3 Be7
9.f4 Qc7 10.Qf3 Nxd4 11.Bxd4 b5 12.O-O O-O 13.e5 dxe5 14.fxe5 Nd7 15.Bxe6 fxe6
16.Qxa8 Bb7 17.Rxf8+ Bxf8 18.Qe8 Qc6 19.Kf2 Qxg2+  1/2-1/2

[Event "6th Open"]
[Site "Dubai UAE"]
[Date "2004.04.23"]
[Round "5"]
[White "Velcheva,M"]
[Black "Sveshnikov,E"]
[Result "1/2-1/2"]
[WhiteElo "2281"]
[BlackElo "2535"]

1.e4 c5 2.Nf3 Nc6 3.Nc3 e5 4.Bc4 Be7 5.d3 Nf6 6.Ng5 O-O 7.f4 d5 8.exd5 Nd4
9.O-O Bg4 10.Qd2 exf4 11.Qxf4 Bh5 12.Nge4 Ne8 13.g3 Bf6  1/2-1/2

[Event "TCh-RUS 1st Liga"]
[Site "Sochi RUS"]
[Date "2004.04.23"]
[Round "4"]
[White "Turov,M"]
[Black "Yakovich,Yur"]
[Result "1/2-1/2"]
[WhiteElo "2528"]
[BlackElo "2596"]

1.e4 c5 2.Nc3 Nc6 3.Bb5 Nd4 4.Bc4 e6 5.Nf3 Nf6 6.O-O a6 7.e5 d5 8.exf6 dxc4
9.fxg7 Bxg7 10.d3 cxd3 11.cxd3 Bd7 12.Ne4 Bc6 13.Nxd4 Qxd4 14.Be3 Qxb2 15.Nd6+ Kf8
16.Bxc5 Qe5 17.d4 Qd5 18.Nf5+ Ke8 19.Ne3 Qe4 20.Re1 Rd8 21.Qh5 Qg6 22.Qxg6  1/2-1/2

[Event "TCh-RUS 1st Liga"]
[Site "Sochi RUS"]
[Date "2004.04.23"]
[Round "4"]
[White "Savchenko,B"]
[Black "Gladyszev,O"]
[Result "0-1"]
[WhiteElo "2510"]
[BlackElo "2443"]

1.e4 c5 2.Nf3 Nc6 3.Nc3 e5 4.Bc4 Be7 5.d3 d6 6.Nd2 Bg5 7.h4 Bxd2+ 8.Bxd2 Nf6
9.Be3 Be6 10.Qd2 a6 11.f4 b5 12.Bd5 Rc8 13.Bxc6+ Rxc6 14.f5 Bc8 15.Bg5 Bb7
16.Bxf6 Qxf6 17.Nd5 Qh6 18.Qxh6 gxh6 19.a4 b4 20.a5 Rc8 21.Ne3 Ke7 22.c3 c4
23.Nxc4 bxc3 24.bxc3 Bxe4 25.Nb6 Bxd3 26.Nxc8+ Rxc8 27.g4 Be4 28.Rh3 Rg8
29.Rg3 Bxf5 30.g5 Ke6 31.Kf2 hxg5 32.hxg5 Rc8 33.Ra4 Rc5 34.Ke2 Bc2 35.Ra3 e4
36.Kd2 Bd3 37.Ra1 Rb5 38.Ke3 Ke5 39.Rg2 Rb3 40.Rc1 Ra3 41.Rf2 Bc4 42.Rcc2 Be6
43.Rh2 d5 44.Kf2 Bf5 45.Rh6 e3+  0-1

[Event "6th Open"]
[Site "Dubai UAE"]
[Date "2004.04.24"]
[Round "6"]
[White "Mariano,N"]
[Black "Kuzmin,A"]
[Result "1/2-1/2"]
[WhiteElo "2416"]
[BlackElo "2567"]

1.e4 c5 2.Ne2 Nc6 3.Nbc3 g6 4.g3 Bg7 5.Bg2 Rb8 6.O-O d6 7.d3 b5 8.f4 Bd7
9.f5 Nf6 10.h3 O-O 11.g4 b4 12.Nb1 a5 13.Nd2 Ne5 14.Ng3 a4 15.Rb1 Qb6 16.Nc4 Nxc4
17.dxc4 b3 18.axb3 axb3 19.c3 Bc8 20.Rf2 Ba6 21.Bf1 Nd7 22.Be2 Be5 23.Nf1 Nf6
24.Nd2 e6 25.g5 Nd7 26.fxe6 fxe6 27.Rxf8+ Nxf8 28.Nf1 Bb7 29.Bf3 Bc6 30.Be3 Nd7
31.Nd2 Qb7 32.Ra1 d5 33.Ra3 d4 34.Rxb3 Qc7 35.Rxb8+ Qxb8 36.cxd4 cxd4 37.Bf2 Qxb2
38.Bg4 Kf7 39.Nf3 Bxe4 40.Bxd4 Bxd4+ 41.Qxd4  1/2-1/2

[Event "6th Open"]
[Site "Dubai UAE"]
[Date "2004.04.24"]
[Round "6"]
[White "Safarli,E"]
[Black "Gupta,Ab"]
[Result "1-0"]
[WhiteElo "2310"]
[BlackElo "2413"]

1.e4 c5 2.Nf3 Nc6 3.Nc3 e5 4.Bc4 Be7 5.d3 d6 6.Nd2 Bg5 7.Nf1 Bxc1 8.Qxc1 Nge7
9.Ne3 O-O 10.O-O Kh8 11.f4 f5 12.fxe5 Nxe5 13.exf5 Nxf5 14.Nxf5 Bxf5 15.Bd5 Qd7
16.Qd2 Rf6 17.Rae1 Raf8 18.d4 cxd4 19.Qxd4 b6 20.Be4 h6 21.Nd5 R6f7 22.Nf4 Bxe4
23.Qxe4 Qg4 24.g3 h5 25.Kg2 h4 26.Rf2 Rf6 27.Nh3 Qxe4+ 28.Rxe4 Nf3 29.Rf4 Rxf4
30.Nxf4 Ne5 31.gxh4 Rc8 32.Kg3 Rc4 33.Rd2 Kg8 34.c3 Rc6 35.Nd5 Rc5 36.Ne3 Nf7
37.Rd5 Rc8 38.Kf4 Kf8 39.c4 Re8 40.b3 Re6 41.a4 g6 42.Ng4 Re2 43.h5 gxh5
44.Rxh5 Kg7 45.Rd5 Rc2 46.Rd3 Kf8 47.h4 Rc1 48.Rh3 Rf1+ 49.Ke4 Ke7 50.Ne3 Re1
51.Kd4 Kf6 52.Nd5+ Kg6 53.Rg3+ Kf5  1-0

[Event "TCh-RUS 1st Liga"]
[Site "Sochi RUS"]
[Date "2004.04.24"]
[Round "5"]
[White "Shomoev,A"]
[Black "Turov,M"]
[Result "1/2-1/2"]
[WhiteElo "2487"]
[BlackElo "2528"]

1.e4 c5 2.Nf3 Nc6 3.Nc3 d6 4.d4 cxd4 5.Nxd4 e5 6.Nb3 Be6 7.f3 Nf6 8.Nd5 Rc8
9.Nxf6+ gxf6 10.Bd3 h5 11.c3  1/2-1/2

[Event "TCh-RUS 1st Liga"]
[Site "Sochi RUS"]
[Date "2004.04.24"]
[Round "5"]
[White "Abashev,A"]
[Black "Weetik,V"]
[Result "1-0"]
[WhiteElo "2337"]
[BlackElo "2436"]

1.e4 c5 2.Nf3 Nc6 3.Nc3 Nf6 4.d4 cxd4 5.Nxd4 e5 6.Ndb5 d6 7.Bg5 a6 8.Na3 Be6
9.Nc4 Rc8 10.Ne3 Be7 11.Be2 Nd4 12.Bxf6 Bxf6 13.Bd3 Bg5 14.Ncd5 O-O 15.O-O Kh8
16.c3 Nc6 17.Bc2 g6 18.Kh1 Bh6 19.Qe2 Qh4 20.Rad1 Qd8 21.a3 Ne7 22.Nxe7 Qxe7
23.Nd5 Qd8 24.Rd3 Rc5 25.Rfd1 Qb8 26.Ne3 Rd8 27.Qf3 Bg5 28.Qg3 Bf4 29.Qh4 Kg7
30.Nd5 Bxd5 31.Rxd5 Rxd5 32.Rxd5 Qc7 33.Rd3 Bc1 34.b4 Bxa3 35.Bb3 Bc1 36.Rh3 Rh8
37.Rf3 Rf8 38.Qf6+ Kg8 39.h4 Bh6 40.Rd3 Bg7 41.Qxd6 Rc8 42.Qd7 Qxd7 43.Rxd7 Rxc3
44.Bxf7+ Kh8 45.Rd8+ Bf8 46.Rxf8+ Kg7 47.Rb8 Kxf7 48.Rxb7+ Kg8 49.f3 Rb3
50.Rb6 Kg7 51.Kh2 Rb1 52.Rxa6 Rxb4 53.Ra7+  1-0